skbl

Dr Suryya Kumar Bhuyan Library Web-OPAC
ডঃ সূৰ্য্য
কুমাৰ ভূঞা পুথিভঁৰাল ৱেব-অ'পেক

All Research Scholars are advised to clear the annual library fees to continue using Library Resources, Remote Access, Plagiarism Test and Library Clearance.

Cotton University Book Fair 2026

Islam and Communism / (Record no. 21933)

MARC details
000 -LEADER
fixed length control field 00713nam a2200265Ia 4500
001 - CONTROL NUMBER
control field 21951
005 - DATE AND TIME OF LATEST TRANSACTION
control field 20240114000618.0
007 - PHYSICAL DESCRIPTION FIXED FIELD--GENERAL INFORMATION
fixed length control field ta
008 - FIXED-LENGTH DATA ELEMENTS--GENERAL INFORMATION
fixed length control field 060310s1953 g b000 u 465 u
040 ## - CATALOGING SOURCE
Original cataloging agency Cotton College,Assam
041 ## - LANGUAGE CODE
Language code of text/sound track or separate title 465
082 ## - DEWEY DECIMAL CLASSIFICATION NUMBER
Classification number 297.471
Item number H 127 Is
100 ## - MAIN ENTRY--PERSONAL NAME
Personal name Hakim, Khalifa Abdul .
245 #0 - TITLE STATEMENT
Title Islam and Communism /
Statement of responsibility, etc. Khalifa Abdul Hakim.
Medium Textual Documents
250 ## - EDITION STATEMENT
Edition statement 2nd ed. /
260 ## - PUBLICATION, DISTRIBUTION, ETC.
Place of publication, distribution, etc. Lahore :
Name of publisher, distributor, etc. Institute of Islamic Culture ,
Date of publication, distribution, etc. 1953.
300 ## - PHYSICAL DESCRIPTION
Extent 252p. ;
Dimensions 22cm.
653 ## - INDEX TERM--UNCONTROLLED
Uncontrolled term Religious Literature-Islam
653 ## - INDEX TERM--UNCONTROLLED
Uncontrolled term Islam-Communism
653 ## - INDEX TERM--UNCONTROLLED
Uncontrolled term Communism-Islam
653 ## - INDEX TERM--UNCONTROLLED
Uncontrolled term G-Urdu
942 ## - ADDED ENTRY ELEMENTS (KOHA)
Source of classification or shelving scheme Dewey Decimal Classification
Koha item type Books
Holdings
Withdrawn status Lost status Damaged status Not for loan Collection Home library Current library Date acquired Coded location qualifier Total checkouts Full call number Barcode Date last seen Copy number Price effective from Koha item type
          Dr. Suryya Kumar Bhuyan Library Dr. Suryya Kumar Bhuyan Library 01/02/2012 00000   297.471 H 127 Is 47650 14/01/2024 1 01/02/2012 Books

Designed and Maintained by Team SKBL
©1901-2026

Powered by Koha